000 01046nam a22002295i 4500
001 172310
003 ES-MaACL
005 20250902085825.0
008 090625s1990 sp |||| | spa d
080 _a329.12
080 _a321.7
100 1 _aRivacoba y Rivacoba, Manuel de.
_997535
245 1 0 _aDel liberalismo a la democracia /
_cdiscurso leído por ... Manuel de Rivacoba y Rivacoba en el acto de su ingreso en la Real Sociedad Bascongada de los Amigos del País (Euskalerriaren Adiskideen Elkartea), celebrado en Bilbao el 11 de mayo de 1989 y contestación por... Santiago Petschen Verdaguer.
260 _a[S.l.] :
_bReal Sociedad Bascongada de los Amirgos del Pais, Comision de Bizkaia,
_c[1990]
300 _a31 p. ;
_c21 cm.
650 1 7 _aLiberalismo
_2embne
_914386
650 7 _aDemocracia
_2embne
_911574
700 1 _aPetschen, Santiago.
_991561
710 2 _aReal Sociedad Bascongada de los Amigos del País.
_bComisión de Vizcaya
_96370
852 _aES-MaACL
_j2251-F-17
_9R.117947
999 _c172310
_d172310